000 00451 a2200145 4500
020 _a0849391261
082 _a624.18341 NIE
100 _aNielsen, Mogens Peter,
245 _aLimit analysis and concrete plasticity /
_cM.P. Nielsen.
250 _a2nd ed.
260 _aBoca Raton :
_bCRC Press,
_cc1999.
300 _a908 p. :
_bill. ;
_c24 cm.
650 _aReinforced concrete construction.
650 _aPlastic analysis (Engineering)
650 _aConcrete
_xPlastic properties.
999 _c1384
_d1384